000 00966nam a2200229 a 4500
001 000037258
005 20200930080238.0
008 120321s2010 ve ab 000 0 spa d
020 _a9789807053037
040 _aDO-SdBNP
_bspa
_cBNPHU
082 _axxx
_bP977p
100 1 _aPuerta Bautista, Lorena
_963675
245 1 4 _aLos paisajes petroleros de Zulia en la mirada Alemana :
_b(1920-1940) /
_cLorena Puerta Bautista.
260 _aCaracas, Venezuela :
_bArchivo General de la Nación,
_bCentro Nacional de Historia,
_c2010.
300 _a120 p. :
_bil., maps ;
_c21 cm.
490 1 _aBicentenario
_v4
500 _aIncluye datos biográficos de la autora en la solapa de la contracubierta.
500 _aIncluye referencias bibliográficas y notas al pie de las páginas.
504 _aBibliografía: p. 111-120
505 2 _aMaracaibo del café al petróleo
_tMaracaibo en la mirada de Julia Bornhorst
_tGeorgi en Maracaibo.
830 0 _aBicentenario
_n4
_963676
999 _c36748
_d36748